<?xml version="1.0" encoding="UTF-8"?>
<record
    xmlns:xsi="http://www.w3.org/2001/XMLSchema-instance"
    xsi:schemaLocation="http://www.loc.gov/MARC21/slim http://www.loc.gov/standards/marcxml/schema/MARC21slim.xsd"
    xmlns="http://www.loc.gov/MARC21/slim">

  <leader>     nam a22     7a 4500</leader>
  <datafield tag="999" ind1=" " ind2=" ">
    <subfield code="c">44718</subfield>
    <subfield code="d">44718</subfield>
  </datafield>
  <controlfield tag="003">OSt</controlfield>
  <controlfield tag="005">20190215160629.0</controlfield>
  <controlfield tag="008">190215b        xxu||||| |||| 00| 0 eng d</controlfield>
  <datafield tag="040" ind1=" " ind2=" ">
    <subfield code="c">SERO SOFT</subfield>
  </datafield>
  <datafield tag="100" ind1=" " ind2=" ">
    <subfield code="a">SINGH ,RATAN</subfield>
  </datafield>
  <datafield tag="245" ind1=" " ind2=" ">
    <subfield code="a">LEGAL RESEARCH METHODOLOGY</subfield>
  </datafield>
  <datafield tag="260" ind1=" " ind2=" ">
    <subfield code="a">LEXIS,NEXIS</subfield>
    <subfield code="b">LESIX,NEXIS</subfield>
  </datafield>
  <datafield tag="300" ind1=" " ind2=" ">
    <subfield code="a">361</subfield>
  </datafield>
  <datafield tag="942" ind1=" " ind2=" ">
    <subfield code="2">ddc</subfield>
    <subfield code="c">02</subfield>
  </datafield>
  <datafield tag="952" ind1=" " ind2=" ">
    <subfield code="0">0</subfield>
    <subfield code="1">0</subfield>
    <subfield code="2">ddc</subfield>
    <subfield code="4">0</subfield>
    <subfield code="7">0</subfield>
    <subfield code="a">04</subfield>
    <subfield code="b">04</subfield>
    <subfield code="d">2019-02-15</subfield>
    <subfield code="e">Western Law House Meerut</subfield>
    <subfield code="g">495.00</subfield>
    <subfield code="i">00002178/18-8/02/2019</subfield>
    <subfield code="l">4</subfield>
    <subfield code="p">04-B-6805</subfield>
    <subfield code="r">2021-09-29</subfield>
    <subfield code="s">2021-04-26</subfield>
    <subfield code="w">2019-02-15</subfield>
    <subfield code="y">02</subfield>
  </datafield>
  <datafield tag="952" ind1=" " ind2=" ">
    <subfield code="0">0</subfield>
    <subfield code="1">0</subfield>
    <subfield code="2">ddc</subfield>
    <subfield code="4">0</subfield>
    <subfield code="7">0</subfield>
    <subfield code="a">04</subfield>
    <subfield code="b">04</subfield>
    <subfield code="d">2019-02-15</subfield>
    <subfield code="e">Western Law House Meerut</subfield>
    <subfield code="g">495.00</subfield>
    <subfield code="i">00002178/18-8/02/2019</subfield>
    <subfield code="l">1</subfield>
    <subfield code="p">04-B-6806</subfield>
    <subfield code="q">2020-01-15</subfield>
    <subfield code="r">2019-12-09</subfield>
    <subfield code="s">2019-12-09</subfield>
    <subfield code="w">2019-02-15</subfield>
    <subfield code="y">02</subfield>
  </datafield>
  <datafield tag="952" ind1=" " ind2=" ">
    <subfield code="0">0</subfield>
    <subfield code="1">0</subfield>
    <subfield code="2">ddc</subfield>
    <subfield code="4">0</subfield>
    <subfield code="7">0</subfield>
    <subfield code="a">04</subfield>
    <subfield code="b">04</subfield>
    <subfield code="d">2019-02-15</subfield>
    <subfield code="e">Western Law House Meerut</subfield>
    <subfield code="g">495.00</subfield>
    <subfield code="i">00002178/18-8/02/2019</subfield>
    <subfield code="l">2</subfield>
    <subfield code="p">04-B-6807</subfield>
    <subfield code="r">2023-09-04</subfield>
    <subfield code="s">2022-06-21</subfield>
    <subfield code="w">2019-02-15</subfield>
    <subfield code="y">02</subfield>
  </datafield>
  <datafield tag="952" ind1=" " ind2=" ">
    <subfield code="0">0</subfield>
    <subfield code="1">0</subfield>
    <subfield code="2">ddc</subfield>
    <subfield code="4">0</subfield>
    <subfield code="7">0</subfield>
    <subfield code="a">04</subfield>
    <subfield code="b">04</subfield>
    <subfield code="d">2019-02-15</subfield>
    <subfield code="e">Western Law House Meerut</subfield>
    <subfield code="g">495.00</subfield>
    <subfield code="i">00002178/18-8/02/2019</subfield>
    <subfield code="l">2</subfield>
    <subfield code="p">04-B-6808</subfield>
    <subfield code="q">2020-01-15</subfield>
    <subfield code="r">2019-09-17</subfield>
    <subfield code="s">2019-09-17</subfield>
    <subfield code="w">2019-02-15</subfield>
    <subfield code="y">02</subfield>
  </datafield>
  <datafield tag="952" ind1=" " ind2=" ">
    <subfield code="0">0</subfield>
    <subfield code="1">0</subfield>
    <subfield code="2">ddc</subfield>
    <subfield code="4">0</subfield>
    <subfield code="7">0</subfield>
    <subfield code="a">04</subfield>
    <subfield code="b">04</subfield>
    <subfield code="d">2019-02-15</subfield>
    <subfield code="e">Western Law House Meerut</subfield>
    <subfield code="g">495.00</subfield>
    <subfield code="i">00002178/18-8/02/2019</subfield>
    <subfield code="l">3</subfield>
    <subfield code="p">04-B-6809</subfield>
    <subfield code="r">2022-05-27</subfield>
    <subfield code="s">2021-10-01</subfield>
    <subfield code="w">2019-02-15</subfield>
    <subfield code="y">02</subfield>
  </datafield>
  <datafield tag="952" ind1=" " ind2=" ">
    <subfield code="0">0</subfield>
    <subfield code="1">0</subfield>
    <subfield code="2">ddc</subfield>
    <subfield code="4">0</subfield>
    <subfield code="7">0</subfield>
    <subfield code="a">04</subfield>
    <subfield code="b">04</subfield>
    <subfield code="d">2019-02-15</subfield>
    <subfield code="e">Western Law House Meerut</subfield>
    <subfield code="g">495.00</subfield>
    <subfield code="i">00002178/18-8/02/2019</subfield>
    <subfield code="l">3</subfield>
    <subfield code="p">04-B-6810</subfield>
    <subfield code="r">2024-10-22</subfield>
    <subfield code="s">2023-09-04</subfield>
    <subfield code="w">2019-02-15</subfield>
    <subfield code="y">02</subfield>
  </datafield>
</record>
